000 00525nam a2200169 i 4500
001 150279
003 ES-MaACL
005 20230906203439.0
007 t|
008 071029s1967 sp ||||1| spa d
100 1 _aVèaèanèanen, Veikko.
_9133846
245 1 0 _aIntroducción al latín vulgar /
_cVeikko Vèaèananen ; versión española de Manuel Carrión.
260 _aMadrid :
_bGredos,
_c[1967]
300 _a413 p. ;
_c19 cm.
700 1 _aCarrión Gútiez, Manuel.
_935810
852 _aES-MaACL
_jC-34255
_bR.65107
999 _c150279
_d150279